The essential guide to internal auditing / (Record no. 118082)
[ view plain ]
| 000 -LEADER | |
|---|---|
| fixed length control field | 00512nam a2200181Ia 4500 |
| 008 - FIXED-LENGTH DATA ELEMENTS--GENERAL INFORMATION | |
| fixed length control field | 140609s9999 xx 000 0 und d |
| 020 ## - INTERNATIONAL STANDARD BOOK NUMBER | |
| International Standard Book Number | 9780470746936 |
| 050 ## - LIBRARY OF CONGRESS CALL NUMBER | |
| Classification number | HF 5668.25 |
| Item number | .P53155 2011 |
| 100 ## - MAIN ENTRY--PERSONAL NAME | |
| Personal name | Pickett, K. H. Spencer. |
| 245 #4 - TITLE STATEMENT | |
| Title | The essential guide to internal auditing / |
| Statement of responsibility, etc | K.H. Spencer Pickett |
| 250 ## - EDITION STATEMENT | |
| Edition statement | 2nd ed. |
| 260 ## - PUBLICATION, DISTRIBUTION, ETC. (IMPRINT) | |
| Place of publication, distribution, etc | Chichester : |
| Name of publisher, distributor, etc | Wiley, |
| Date of publication, distribution, etc | c2011. |
| 300 ## - PHYSICAL DESCRIPTION | |
| Extent | 367 p. : |
| Other physical details | ill. ; |
| Dimensions | 25 cm. |
| 500 ## - GENERAL NOTE | |
| General note | Includes index. |
| 521 ## - TARGET AUDIENCE NOTE | |
| Target audience note | |
| 942 ## - ADDED ENTRY ELEMENTS (KOHA) | |
| Call number prefix | Foreign |
| Koha item type | Books |
| Withdrawn status | Lost status | Source of classification or shelving scheme | Damaged status | Home library | Current library | Shelving location | Date acquired | Source of acquisition | Total Checkouts | Full call number | Barcode | Date last seen | Price effective from | Koha item type |
|---|---|---|---|---|---|---|---|---|---|---|---|---|---|---|
| Library of Congress Classification | College Library | College Library | General Circulation Section | 06/09/2014 | Donation | HF 5668.25 .P53155 2011 | C18370 | 05/15/2018 | 06/09/2014 | Books |